Cyclisme: Top 100 du Classement UCI de l'année 2022 - Statistiques

Statistiques générales
  • Ce quiz a été pris 1 298 fois
    418 depuis la dernière actualisation
  • Le résultat moyen est 35 sur 100
Statistiques - réponses
Rang Équipe Coureur % Correct
1er UAE Team Emirates Tadej Pogacar
100%
4ème Jumbo-Visma Jonas Vingegaard
97%
2ème Jumbo-Visma Wout van Aert
96%
9ème Alpecin-Deceuninck Mathieu van der Poel
89%
44ème Groupama-FDJ David Gaudu
88%
3ème Quick Step Alpha Vinyl Team Remco Evenepoel
88%
24ème Jumbo-Visma Primoz Roglic
86%
26ème INEOS Grenadiers Adam Yates
72%
49ème Team DSM Romain Bardet
72%
38ème Team BikeExchange-Jayco Simon Yates
72%
31ème INEOS Grenadiers Geraint Thomas
69%
35ème Cofidis Guillaume Martin
69%
69ème Cofidis Benjamin Thomas
68%
7ème Groupama-FDJ Stefan Küng
68%
22ème Alpecin-Deceuninck Jasper Philipsen
67%
16ème Intermarché-Wanty-Gobert Matériaux Biniam Girmay
66%
19ème Movistar Team Enric Mas
63%
23ème BORA-hansgrohe Jai Hindley
62%
5ème BORA-hansgrohe Alexandr Vlasov
61%
14ème Groupama-FDJ Arnaud Démare
60%
20ème Trek-Segafredo Mads Pedersen
60%
34ème Groupama-FDJ Valentin Madouas
59%
6ème Lotto Soudal Arnaud De Lie
56%
64ème Team Arkea-Samsic Nairo Quintana
56%
42ème Team Arkea-Samsic Warren Barguil
54%
88ème Lotto Soudal Caleb Ewan
51%
21ème INEOS Grenadiers Richard Carapaz
51%
39ème AG2R Citroen Team Ben O'Connor
50%
10ème Movistar Team Alejandro Valverde
49%
13ème Jumbo-Visma Christophe Laporte
48%
30ème Bahrein Victorious Mikel Landa
47%
76ème INEOS Grenadiers Thomas Pidcock
47%
15ème INEOS Grenadiers Daniel Martinez
45%
53ème Intermarché-Wanty-Gobert Matériaux Louis Meintjes
45%
89ème Quick Step Alpha Vinyl Team Mark Cavendish
45%
11ème Team BikeExchange - Jayco Michael Matthews
44%
47ème Quick Step Alpha Vinyl Team Fabio Jakobsen
43%
40ème UAE Team Emirates Joao Almeida
43%
29ème INEOS Grenadiers Carlos Rodriguez
42%
28ème Bahrein Victorious Matej Mohoric
42%
17ème Bahrein Victorious Pello Bilbao
40%
27ème Alpecin-Deceuninck Tim Merlier
39%
36ème Team BikeExchange-Jayco Dylan Groenewegen
37%
82ème TotalEnergies Anthony Turgis
36%
43ème INEOS Grenadiers Dylan Van Baarle
35%
25ème UAE Team Emirates Juan Ayuso
35%
98ème Israel-Premier Tech Michael Woods
35%
18ème AG2R Citroen Team Benoit Cosnefroy
33%
79ème Cofidis Ion Izagirre
31%
50ème EF Education-EasyPost Neilson Powless
31%
8ème Intermarché-Wanty-Gobert Matériaux Alexander Kristoff
30%
90ème EF Education-EasyPost Rigoberto Uran
30%
56ème BORA-hansgrohe Sam Bennett
30%
54ème Jumbo-Visma Tiesj Benoot
30%
62ème UAE Team Emirates Brandon McNulty
25%
60ème UAE Team Emirates Marc Hirschi
25%
99ème Trek-Segafredo Jasper Stuyven
24%
72ème Trek-Segafredo Bauke Mollema
23%
12ème BORA-hansgrohe Sergio Higuita
22%
70ème Bahrein Victorious Damiano Caruso
21%
95ème INEOS Grenadiers Pavel Sivakov
21%
92ème Astana Qazaqstan Team Vincenzo Nibali
21%
52ème Jumbo-Visma Olav Kooij
20%
75ème Lotto Soudal Tim Wellens
20%
32ème Israel-Premier Tech Dylan Teuns
19%
97ème Team Arkea-Samsic Nacer Bouhanni
19%
65ème Cofidis Jesus Herrada
17%
51ème Trek-Segafredo Mattias Skjelmose Jensen
17%
80ème Lotto Soudal Victor Campenaerts
17%
77ème BORA-hansgrohe Danny Van Poppel
16%
87ème Israel-Premier Tech Jakob Fuglsang
16%
61ème Astana Qazaqstan Team Miguel Angel Lopez
16%
83ème Movistar Team Alex Aranburu
15%
45ème UAE Team Emirates Matteo Trentin
15%
33ème Team DSM Thymen Arensman
13%
66ème B&B Hotels - KTM Luca Mozzato
11%
100ème EF Education-EasyPost Esteban Chaves
10%
71ème AG2R Citroen Team Greg Van Avermaet
10%
63ème TotalEnergies Julien Simon
10%
59ème Cofidis Axel Zingle
9%
58ème Movistar Team Ivan Garcia Cortina
9%
55ème Intermarché-Wanty-Gobert Matériaux Quinten Hermans
9%
57ème UAE Team Emirates Diego Ulissi
8%
41ème INEOS Grenadiers Ethan Hayter
8%
37ème Team Arkea-Samsic Hugo Hofstetter
8%
78ème Intermarché-Wanty-Gobert Matériaux Jan Hirt
8%
48ème Intermarché-Wanty-Gobert Matériaux Lorenzo Rota
8%
93ème Israel-Premier Tech Giacomo Nizzolo
6%
74ème Team Arkea-Samsic Matis Louvel
6%
91ème INEOS Grenadiers Magnus Sheffield
5%
68ème Quick Step Alpha Vinyl Team Mauro Schmid
5%
94ème Trek-Segafredo Toms Skujins
5%
86ème Team TotalEnergies Alexis Vuillermoz
4%
67ème Team Arkea-Samsic Amaury Capiot
4%
85ème Intermarché-Wanty-Gobert Matériaux Domenico Pozzovivo
4%
46ème TotalEnergies Dries Van Gestel
4%
81ème Cofidis Maximilian Walscheid
3%
96ème EF Education-EasyPost Ruben Guerreiro
2%
73ème Cofidis Simone Consonni
2%
84ème EF Education-EasyPost Andrea Piccolo
1%
Aucun quiz correspondant
Distribution des résultats
% des personnes avec chaque résultat
Percentile par nombre de réponses
Votre historique - résultats
Vous n’avez pas pris ce quiz depuis la dernière actualisation